|
|
|
|
| LEADER |
00000nam a2200000 4500 |
| 001 |
20014 |
| 003 |
MY-KLNDU |
| 005 |
20241218080310.0 |
| 008 |
221108 00 eng |
| 039 |
|
9 |
|y 202211082019
|z syarifuddin
|
| 040 |
|
|
|a UPNM
|b eng
|c UPNM
|e rda
|
| 100 |
|
|
|a Park Heemoon
|e author
|
| 245 |
|
|
|a How Rok Military Will Strengthen Its Capabilities Through Un Pko: Focused On Dongmyung And Hanbit Unit
|c Park Heemoon
|
| 264 |
|
|
|a Kuala Lumpur
|b Universiti Pertahanan Nasional Malaysia
|c 2022
|
| 336 |
|
|
|a text
|2 rdacontent
|
| 337 |
|
|
|a unmediated
|2 rdamedia
|
| 338 |
|
|
|a volume
|2 rdacarrier
|
| 490 |
|
|
|a Tesis
|
| 490 |
|
|
|a Thesis
|
| 830 |
|
|
|a Tesis
|
| 830 |
|
|
|a Thesis
|
| 999 |
|
|
|a vtls000104404
|c 20014
|d 20014
|